[Event "GER-ch U10"]
[Site "Willingen"]
[Date "2023.06.02"]
[Round "9"]
[White "Wettstein, Levin"]
[Black "Gendzelevsky, Stefan"]
[Result "0-1"]
[WhiteElo "1416"]
[BlackElo "1442"]
[PlyCount "144"]
[EventDate "2023.05.27"]
[EventType "swiss"]
[EventRounds "11"]
[EventCountry "GER"]
[SourceTitle "CBM 214 Extra"]
[Source "ChessBase"]
[SourceDate "2023.07.31"]
[SourceVersion "1"]
[SourceVersionDate "2023.07.31"]
[SourceQuality "1"]

1. e4 e6 2. d4 d5 3. exd5 exd5 4. Nf3 Bd6 5. c4 c6 6. c5 Bc7 7. Bd3 Ne7 8. 0-0 0-0 9. Qc2 Ng6 10. Bg5 Qe8 11. Re1 Be6 12. h4 h6 13. h5 Ne7 14. Bxe7 Qxe7 15. Bf5 Nd7 16. Qe2 Rae8 17. Bc2 Nf6 18. Qd3 Ne4 19. Nfd2 Qd7 20. f3 Nf6 21. Nc3 Bf4 22. g3 Bf5 23. Qxf5 Qxf5 24. Bxf5 Bxd2 25. Rxe8 Rxe8 26. Rd1 Be3+ 27. Kg2 Rd8 28. g4 Bf4 29. Ne2 Bc7 30. b4 Re8 31. Kf2 a6 32. Re1 Kf8 33. Nc3 Bg3+ 34. Kxg3 Rxe1 35. Bc8 Re7 36. Bf5 Ke8 37. Na4 Kd8 38. Nb6 Re2 39. a4 Rb2 40. b5 axb5 41. axb5 Rxb5 42. f4 Rb4 43. g5 hxg5 44. fxg5 Nxh5+ 45. Kh4 g6 46. Bg4 Rxd4 47. Kh3 Nf4+ 48. Kg3 Nd3 49. Be2 Nxc5 50. Kf3 Rb4 51. Nxd5 cxd5 52. Ke3 Re4+ 53. Kd2 Rxe2+ 54. Kxe2 Kd7 55. Kd1 Ne4 56. Ke2 Nxg5 57. Kd1 Ke6 58. Ke2 b5 59. Kd2 Ke5 60. Ke2 Ke4 61. Kd2 Kd4 62. Kd1 Kd3 63. Kc1 Ke2 64. Kb2 d4 65. Ka3 d3 66. Ka2 d2 67. Ka3 d1Q 68. Kb2 Qd3 69. Ka1 Qd2 70. Kb1 Kd3 71. Ka1 Kc3 72. Kb1 Qb2# 0-1

[Event "GER-ch U10"]
[Site "Willingen"]
[Date "2023.06.01"]
[Round "8"]
[White "Wettstein, Levin"]
[Black "Ishcenko, Volodymyr"]
[Result "1/2-1/2"]
[WhiteElo "1416"]
[BlackElo "1220"]
[PlyCount "77"]
[EventDate "2023.05.27"]
[EventType "swiss"]
[EventRounds "11"]
[EventCountry "GER"]
[SourceTitle "CBM 214 Extra"]
[Source "ChessBase"]
[SourceDate "2023.07.31"]
[SourceVersion "1"]
[SourceVersionDate "2023.07.31"]
[SourceQuality "1"]

1. e4 e5 2. Nf3 Nc6 3. Nc3 Nf6 4. d4 exd4 5. Nxd4 Bb4 6. Nxc6 bxc6 7. Bd3 d5 8. exd5 cxd5 9. 0-0 0-0 10. h3 c6 11. Qf3 Bxc3 12. bxc3 h6 13. Ba3 Re8 14. Rfe1 Rxe1+ 15. Rxe1 Be6 16. Bb4 Qc7 17. Qg3 Qxg3 18. fxg3 a5 19. Ba3 Nd7 20. g4 Nb6 21. Bf5 Bxf5 22. gxf5 Nc4 23. Bc1 Rb8 24. Be3 Nxe3 25. Rxe3 Rb2 26. Re8+ Kh7 27. Rc8 Rxa2 28. Rxc6 Rxc2 29. Rc5 a4 30. Rxd5 a3 31. Ra5 Rxc3 32. Kf2 Rc2+ 33. Kg3 a2 34. h4 h5 35. Kf3 Rc4 36. Rxa2 Rxh4 37. g3 Rc4 38. Rh2 Kh6 39. Rh4 1/2-1/2